| 000 | 01815cam a22004577a 4500 | ||
|---|---|---|---|
| 003 | CHAP | ||
| 005 | 20220329142819.0 | ||
| 008 | 040315s2004 mx r 00010 spa d | ||
| 010 | _a88172 | ||
| 011 | _a89144 | ||
| 035 | _a99693 | ||
| 040 | _cCHAP | ||
| 090 | _aTesis | ||
| 100 | 0 | 0 |
_aDonato Ramírez, José Antonio. _933953 |
| 245 | 1 | 0 |
_aConcentración mineral en el sistema suelo - forraje - bovino, en la costa chica de Guerrera y Oaxaca _c/por José Antonio Donato Ramírez y Liliana Pérez, Domínguez |
| 260 |
_aChapingo, Méx. : _bEl autor, _c2004. |
||
| 300 |
_a61 h. : _bilus.; cuadros. |
||
| 502 | _aTesis (Ing. Agr. Esp. en Zootecnia) -- UACH. Departamento de Zootecnia. | ||
| 530 | _aTambién disponible en línea | ||
| 590 |
_aALEPH _b10 _c20130110 _lUCH01 _h1456 |
||
| 590 |
_aBATCH-UPD _b10 _c20130110 _lUCH01 _h0452 |
||
| 590 |
_aBATCH-UPD _b10 _c20130110 _lUCH01 _h2351 |
||
| 590 |
_aBATCH-UPD _b10 _c20130410 _lUCH01 _h0130 |
||
| 590 |
_aBATCH-UPD _b10 _c20130410 _lUCH01 _h1638 |
||
| 590 |
_aBATCH-UPD _b10 _c20130914 _lUCH01 _h1525 |
||
| 590 |
_aBATCH-UPD _b10 _c20140324 _lUCH01 _h1442 |
||
| 590 |
_aBATCH-UPD _b10 _c20141002 _lUCH01 _h0820 |
||
| 590 |
_aCONVERSION _b10 _c20130109 _lUCH01 _h1349 |
||
| 650 | 1 | 4 |
_aAlimentos y alimentacion del ganado. _94326 |
| 650 | 1 | 4 |
_aAnimales _xElementos minerales. _95861 |
| 650 | 1 | 4 |
_aGanado vacuno _xGuerrero. _945472 |
| 650 | 1 | 4 |
_aGanado vacuno _xOaxaca. _945499 |
| 650 | 1 | 4 |
_aMinerales en nutrición animal. _975937 |
| 700 | 0 |
_aPérez Domínguez, Liliana. _989623 |
|
| 856 |
_3Finding aid _uhttp://10.13.5.2/tesis/99693.pdf _zTeclea aqui |
||
| 901 | _aBK | ||
| 905 | _aElisama A. H. | ||
| 942 | _cFOLL | ||
| 949 |
_aTesis _bBC _cTES _d33724000912572 _eTS2 _fc.2 _gDonaciØn _h40299 _i99693 _sb |
||
| 949 |
_aTesis _bBC _cTES _d99693 _eTS1 _gDonaciØn _h40298 _i99693 _sb |
||
| 999 |
_c88172 _d88172 |
||